00517 2200169 4500245003300000020002200033250001100055700001500066100001700081650002100098005001900119260007600138041001400214084001000228300010000238336000900338 aKue KimucLia HerlianahText a978-602-244-938-6 aCet. 1 aRatu Wulan aLia Herliana aCerita Bergambar a20240902102441 aJakartabKementerian Pendidikan, Kebudayaan, Riset, dan Teknologic2022 aIndonesia a741.5 aAndika New Basic 20/34, Delight Snowy, Cloudy With a Chance of Love. ii, 22 hlm :b23 x 23 cm ; atext